Pár slov o výchove citov

Bibliographic Details
Main Author: Reťkovská, Mária (Author)
Format: Article
Language:Slovak

MARC

LEADER 00000nab a2200000uu 4500
001 vtls011441077
003 SK-MaSNL
005 20260303150335.0
008 230222| xo |||||||||||||||||slo|
015 |a SNBRB 
035 |a (urnnbn)urn:nbn:sk:snk:ar-00301e 
035 |a (uuid)0acf1e7d-adfe-4f27-b4d8-a69ce6de8290 
035 |a urn:nbn:sk:snk-abcfek 
040 |a SNKBUCL  |b slo  |c SNKBUCL  |e AACR2 
041 0 |a slo 
044 |a xo  |c SK 
100 1 |a Reťkovská, Mária  |4 aut  |9 268984 
245 1 0 |a Pár slov o výchove citov  |c Mária Reťkovská 
773 0 |t Predškolská výchova : pedagogický časopis pre učiteľky materských škôl  |g Roč. 27, č. 10-11 (1972-1973), s. 311-313 
954 |a odborná, vedecká literatúra pôvodná (slovenská)  |2 lita 
958 |a OND 
958 |a EUIPO 
958 |a article16 
999 |c 2009849  |d 2011779